[Event "Wiesbaden op 31st"]
[Site "Wiesbaden"]
[Date "2019.08.25"]
[Round "6"]
[White "Giesau, Bernhard"]
[Black "Baumeister, Lutz"]
[Result "1/2-1/2"]
[WhiteElo "1811"]
[BlackElo "1505"]
[PlyCount "72"]
[EventDate "2019.08.22"]
[EventType "swiss"]
[EventRounds "7"]
[EventCountry "GER"]
[SourceTitle "EXT 2020"]
[Source "ChessBase"]
[SourceDate "2019.10.17"]
[SourceVersion "1"]
[SourceVersionDate "2019.10.17"]
[SourceQuality "1"]

1. Nf3 Nf6 2. c4 c5 3. b3 g6 4. Bb2 Bg7 5. g3 0-0 6. Bg2 Nc6 7. 0-0 d6 8. Re1 a5 9. Nc3 Re8 10. d4 cxd4 11. Nxd4 Nxd4 12. Qxd4 Nd7 13. Qd2 Rb8 14. Rac1 b6 15. Nd5 Bxb2 16. Qxb2 e6 17. Ne3 f5 18. Qd4 Ne5 19. Rcd1 Nf7 20. Rd2 Bb7 21. Red1 Bxg2 22. Nxg2 e5 23. Qd5 Kg7 24. Ne1 Qe7 25. Nc2 Qb7 26. Na3 Qxd5 27. Rxd5 Re6 28. Nb5 Rd8 29. a3 Kf8 30. b4 axb4 31. axb4 Rc8 32. Nxd6 Nxd6 33. Rxd6 Ke7 34. Rxe6+ Kxe6 35. Rd5 Rxc4 36. Rb5 Rc6 1/2-1/2

[Event "Wiesbaden op 31st"]
[Site "Wiesbaden"]
[Date "2019.08.23"]
[Round "2"]
[White "Giesau, Bernhard"]
[Black "Scholz, Benedict"]
[Result "1/2-1/2"]
[WhiteElo "1811"]
[BlackElo "1533"]
[PlyCount "112"]
[EventDate "2019.08.22"]
[EventType "swiss"]
[EventRounds "7"]
[EventCountry "GER"]
[SourceTitle "EXT 2020"]
[Source "ChessBase"]
[SourceDate "2019.10.17"]
[SourceVersion "1"]
[SourceVersionDate "2019.10.17"]
[SourceQuality "1"]

1. Nf3 Nf6 2. c4 g6 3. Nc3 Bg7 4. d4 d6 5. e4 0-0 6. h3 Nbd7 7. Bd3 c5 8. Be3 Qc7 9. d5 a6 10. 0-0 Nb6 11. Rb1 e6 12. Qd2 Nbd7 13. Bh6 b6 14. Bxg7 Kxg7 15. Ne2 Rb8 16. dxe6 fxe6 17. Ng5 Ne5 18. f4 Nxd3 19. Qxd3 h6 20. Nf3 Bb7 21. Nd2 Qc6 22. Ng3 d5 23. Rbe1 Rbd8 24. Qe2 dxc4 25. Nxc4 Rd4 26. Ne5 Qa4 27. b3 Qb4 28. Nf3 Nxe4 29. Nh1 Rdd8 30. Qb2+ Kg8 31. Qe5 Bd5 32. Nh4 Qd4+ 33. Kh2 Qxe5 34. fxe5 Kg7 35. Ng3 Nxg3 36. Kxg3 g5 37. Nf3 Bxf3 38. gxf3 Rd2 39. Rf2 Rd3 40. Kg2 Rf5 41. Re4 Rd4 42. Re3 c4 43. bxc4 Rxc4 44. Rd2 Rc5 45. Rd6 Rfxe5 46. Rxe5 Rxe5 47. Rxb6 Re2+ 48. Kg3 a5 49. Ra6 Re5 50. f4 Re3+ 51. Kg4 Re4 52. Rxa5 Rxf4+ 53. Kg3 Kf6 54. a4 h5 55. Ra8 Ke5 56. Ra5+ Kf6 1/2-1/2

[Event "RLP Seniors op 17th"]
[Site "Neustadt an der Weinstrasse"]
[Date "2019.07.25"]
[Round "6"]
[White "Wraga, Hermann"]
[Black "Giesau, Bernhard"]
[Result "0-1"]
[WhiteElo "1703"]
[BlackElo "1819"]
[PlyCount "128"]
[EventDate "2019.07.20"]
[EventType "swiss"]
[EventRounds "9"]
[EventCountry "GER"]
[SourceTitle "CBM 192 Extra"]
[Source "Chessbase"]
[SourceDate "2019.11.06"]
[SourceVersion "1"]
[SourceVersionDate "2019.11.06"]
[SourceQuality "1"]

1. e4 c6 2. d3 d5 3. Nd2 g6 4. g3 Bg7 5. Bg2 e5 6. h3 Ne7 7. Ngf3 Be6 8. 0-0 0-0 9. Re1 Nd7 10. c3 f6 11. Qc2 Bf7 12. Nf1 dxe4 13. dxe4 Qc7 14. Rd1 Rad8 15. Be3 Nc8 16. Rd2 Ndb6 17. b3 Rxd2 18. N1xd2 Rd8 19. Ne1 Bf8 20. Bf1 c5 21. Kg2 Be6 22. Kh2 Nd6 23. f3 Rc8 24. a4 Nd7 25. Kg2 b6 26. Kh2 Be7 27. Kg2 Kg7 28. Kf2 Qb7 29. Qb1 Rf8 30. Qc2 h5 31. Qc1 g5 32. Nb1 Bxb3 33. h4 Be6 34. Kg1 Kg6 35. hxg5 fxg5 36. Nd2 Rf7 37. Rb1 Qa8 38. Bg2 Qh8 39. Nf1 Nc4 40. Bf2 Bd6 41. Ne3 Nxe3 42. Bxe3 h4 43. g4 Bc4 44. Bh3 Be7 45. Qd2 Qc8 46. Rd1 Be6 47. Qb2 Qa6 48. Qb5 Qb7 49. Qd3 c4 50. Qb1 Bc5 51. Qc1 Bxe3+ 52. Qxe3 Nc5 53. Rd6 Rd7 54. Qd2 Qc7 55. Rxd7 Qxd7 56. Qc1 Nxa4 57. Bf1 b5 58. Nc2 Nc5 59. Nb4 a5 60. Nd5 Bxd5 61. exd5 Qxd5 62. Qc2+ Nd3 63. Bg2 Qc5+ 64. Kf1 Qe3 0-1

[Event "RLP Seniors op 17th"]
[Site "Neustadt an der Weinstrasse"]
[Date "2019.07.23"]
[Round "4"]
[White "Zoll, Detlef"]
[Black "Giesau, Bernhard"]
[Result "1-0"]
[WhiteElo "1920"]
[BlackElo "1819"]
[PlyCount "41"]
[EventDate "2019.07.20"]
[EventType "swiss"]
[EventRounds "9"]
[EventCountry "GER"]
[SourceTitle "CBM 192 Extra"]
[Source "Chessbase"]
[SourceDate "2019.11.06"]
[SourceVersion "1"]
[SourceVersionDate "2019.11.06"]
[SourceQuality "1"]

1. d4 Nf6 2. Nc3 d5 3. Bg5 e6 4. e4 Be7 5. e5 Nfd7 6. h4 h6 7. Be3 c5 8. Qg4 Rg8 9. Nf3 cxd4 10. Bxd4 Nc6 11. 0-0-0 Nxd4 12. Rxd4 Bc5 13. Rd2 a6 14. Bd3 b5 15. Bh7 Kf8 16. Bxg8 Kxg8 17. Re1 Qb6 18. Nd4 Nb8 19. Nxd5 Qa5 20. Nb3 Qxa2 21. Nc3 1-0

[Event "RLP Seniors op 17th"]
[Site "Neustadt an der Weinstrasse"]
[Date "2019.07.21"]
[Round "2"]
[White "Walther, Reinhard"]
[Black "Giesau, Bernhard"]
[Result "1-0"]
[WhiteElo "1996"]
[BlackElo "1819"]
[PlyCount "57"]
[EventDate "2019.07.20"]
[EventType "swiss"]
[EventRounds "9"]
[EventCountry "GER"]
[SourceTitle "CBM 192 Extra"]
[Source "Chessbase"]
[SourceDate "2019.11.06"]
[SourceVersion "1"]
[SourceVersionDate "2019.11.06"]
[SourceQuality "1"]

1. d4 d5 2. Bf4 Nf6 3. e3 c5 4. c3 e6 5. Nd2 Be7 6. Bd3 Nbd7 7. h4 h5 8. Ngf3 b6 9. Ng5 Nf8 10. Ndf3 Ng4 11. Nd2 Bd6 12. Qf3 Bxf4 13. Qxf4 Qf6 14. Qg3 e5 15. f3 Nxe3 16. dxe5 Qe7 17. Kf2 Nf5 18. Bxf5 Bxf5 19. Rhe1 g6 20. Nf1 Bd7 21. Rad1 Bc6 22. Qf4 Bb7 23. Qa4+ Kd8 24. Ne3 Ne6 25. Nxd5 Bxd5 26. Qc6 Nc7 27. Rxd5+ Kc8 28. Red1 Qe8 29. Rd7 1-0

[Event "Rheinland Pfalz op Seniors 15th"]
[Site "Neustadt an der Weinstrasse"]
[Date "2017.07.20"]
[Round "6"]
[White "Giesau, Bernhard"]
[Black "Zwissler, Erich"]
[Result "1/2-1/2"]
[WhiteElo "1820"]
[BlackElo "1655"]
[PlyCount "110"]
[EventDate "2017.07.15"]
[EventType "swiss"]
[EventRounds "9"]
[EventCountry "GER"]
[SourceTitle "EXT 2018"]
[Source "ChessBase"]
[SourceDate "2017.10.13"]
[SourceVersion "1"]
[SourceVersionDate "2017.10.13"]
[SourceQuality "1"]

1. Nf3 d5 2. c4 e6 3. b3 Nf6 4. Bb2 Be7 5. e3 Nbd7 6. Be2 b6 7. 0-0 Bb7 8. d4 0-0 9. Nbd2 Bb4 10. a3 Bxd2 11. Qxd2 Rc8 12. Rfd1 Ne4 13. Qe1 Ndf6 14. Ne5 Nd7 15. Nxd7 Qxd7 16. f3 Nf6 17. c5 c6 18. b4 Rc7 19. Bd3 Qc8 20. Qe2 Re7 21. a4 Rfe8 22. Qc2 g6 23. Rac1 Nd7 24. f4 Nf6 25. h3 Qc7 26. Rf1 Rc8 27. Bc3 Ree8 28. Qb2 Ne4 29. Be1 f5 30. Bxe4 dxe4 31. cxb6 axb6 32. Rf2 Qd6 33. b5 Rc7 34. Rfc2 Rec8 35. Bb4 Qd5 36. Ba3 Qd7 37. a5 cxb5 38. Rxc7 Rxc7 39. Rxc7 Qxc7 40. Qxb5 Qc6 41. Qxb6 Qxb6 42. axb6 Kf7 43. Kf2 Kf6 44. Bd6 Kf7 45. Kg3 h6 46. Kf2 Ba6 47. Ke1 Ke8 48. Kd2 h5 49. h4 Kd7 50. Bc7 Kc6 51. Kc3 Kb5 52. Kb3 Bb7 53. Kc3 Bd5 54. Bd8 Bc6 55. d5 exd5 1/2-1/2

[Event "Rheinland Pfalz op Seniors 13th"]
[Site "Neustadt an der Weinstrasse"]
[Date "2015.07.10"]
[Round "1"]
[White "Giesau, Bernhard"]
[Black "Kargoll, Peter"]
[Result "0-1"]
[WhiteElo "1889"]
[BlackElo "2185"]
[PlyCount "70"]
[EventDate "2015.07.10"]
[EventType "swiss"]
[EventRounds "7"]
[EventCountry "GER"]
[SourceTitle "EXT 2019"]
[Source "ChessBase"]
[SourceDate "2018.10.10"]
[SourceVersion "1"]
[SourceVersionDate "2018.10.10"]
[SourceQuality "1"]

1. Nf3 d5 2. c4 c6 3. b3 Bf5 4. Bb2 e6 5. g3 Nf6 6. Bg2 Be7 7. 0-0 0-0 8. d3 a5 9. Nbd2 a4 10. a3 axb3 11. Qxb3 Nbd7 12. Qc3 Nc5 13. Qc2 Nfd7 14. Ne5 Na4 15. Nxd7 Qxd7 16. Ra2 b5 17. e4 Bg6 18. cxb5 cxb5 19. exd5 exd5 20. Ba1 Rfd8 21. Nb3 Rac8 22. Qe2 Nc3 23. Bxc3 Rxc3 24. Nc1 Bxa3 25. Rc2 Rxc2 26. Qxc2 Rc8 27. Qd2 h6 28. Rd1 Rxc1 29. Rxc1 Bxc1 30. Qxc1 Bxd3 31. Qc3 Bc4 32. Bf3 d4 33. Qa3 d3 34. Qa8+ Kh7 35. Qe4+ g6 0-1

[Event "Rheinland Pfalz op 5th"]
[Site "Worms"]
[Date "2013.06.01"]
[Round "5"]
[White "Giesau, Bernhard"]
[Black "Kugel, Norbert"]
[Result "1/2-1/2"]
[WhiteElo "1670"]
[BlackElo "1901"]
[PlyCount "86"]
[EventDate "2013.05.30"]
[EventType "swiss"]
[EventRounds "7"]
[EventCountry "GER"]
[SourceTitle "EXT 2014"]
[Source "ChessBase"]
[SourceDate "2013.11.20"]
[SourceVersion "1"]
[SourceVersionDate "2013.11.20"]
[SourceQuality "1"]

1. Nf3 Nf6 2. c4 g6 3. g3 Bg7 4. Nc3 0-0 5. Bg2 d6 6. d4 Nbd7 7. e4 e5 8. Be3 h6 9. dxe5 dxe5 10. 0-0 c6 11. Qc2 Qc7 12. Rac1 Re8 13. Rfd1 Ng4 14. Bd2 Nf8 15. h3 Nf6 16. Be3 Ne6 17. b4 Bd7 18. Qe2 Kh7 19. Rb1 b6 20. Kh2 Rad8 21. a4 Ng8 22. Ne1 Ne7 23. Qa2 f5 24. f3 f4 25. Bf2 fxg3+ 26. Bxg3 Nf4 27. Bf1 Ng8 28. Bf2 Nf6 29. c5 N6h5 30. cxb6 axb6 31. a5 bxa5 32. bxa5 Qc8 33. Bb6 Bxh3 34. Ba6 Qxa6 35. Rxd8 Rxd8 36. Bxd8 Qc8 37. Kg1 Qxd8 38. a6 Bc8 39. a7 Qd4+ 40. Kh2 Be6 41. Nd5 Ne2 42. Qxe2 Qxa7 43. Ne3 Nf4 1/2-1/2

[Event "Rheinland Pfalz op 5th"]
[Site "Worms"]
[Date "2013.05.30"]
[Round "1"]
[White "Hegermann, Frank"]
[Black "Giesau, Bernhard"]
[Result "0-1"]
[WhiteElo "2112"]
[BlackElo "1670"]
[PlyCount "66"]
[EventDate "2013.05.30"]
[EventType "swiss"]
[EventRounds "7"]
[EventCountry "GER"]
[SourceTitle "EXT 2014"]
[Source "ChessBase"]
[SourceDate "2013.11.20"]
[SourceVersion "1"]
[SourceVersionDate "2013.11.20"]
[SourceQuality "1"]

1. d4 d5 2. Nf3 Nf6 3. c4 c6 4. g3 Nbd7 5. Bg2 e6 6. Nbd2 Bd6 7. 0-0 0-0 8. Qc2 c5 9. e4 dxe4 10. Nxe4 Nxe4 11. Qxe4 Nf6 12. Qc2 cxd4 13. Nxd4 Bxg3 14. hxg3 Qxd4 15. Rd1 Qc5 16. Bf4 e5 17. b4 Qc7 18. Bg5 Bg4 19. Rd2 Rad8 20. Bxf6 gxf6 21. Rxd8 Rxd8 22. Be4 h6 23. c5 Rd4 24. a3 a6 25. Rc1 Bd7 26. Bxb7 Qxb7 27. c6 Qc7 28. cxd7 Qxd7 29. Qc8+ Kg7 30. Qxa6 Rd2 31. Qb6 h5 32. Qc5 h4 33. Rc3 Qh3 0-1

[Event "Rheinland Pfalz op 3rd"]
[Site "Gau Algesheim"]
[Date "2011.07.30"]
[Round "4"]
[White "Giesau, Bernhard"]
[Black "Erlekam, Simon"]
[Result "1-0"]
[WhiteElo "1617"]
[BlackElo "1256"]
[PlyCount "77"]
[EventDate "2011.07.28"]
[EventType "swiss"]
[EventRounds "7"]
[EventCountry "GER"]
[SourceTitle "EXT 2013"]
[Source "ChessBase"]
[SourceDate "2012.11.22"]
[SourceVersion "1"]
[SourceVersionDate "2012.11.22"]
[SourceQuality "1"]

1. Nf3 c5 2. c4 Nc6 3. g3 Nf6 4. Nc3 d6 5. Bg2 Bf5 6. Nh4 Bd7 7. e3 e6 8. 0-0 Be7 9. b3 Qc7 10. Bb2 a6 11. d4 cxd4 12. exd4 0-0 13. Nf3 Na7 14. Rc1 Rac8 15. Qd3 Qb8 16. b4 b5 17. c5 d5 18. Ne5 Nc6 19. Nxc6 Bxc6 20. Rfe1 Nd7 21. Nxd5 Bxd5 22. Bxd5 exd5 23. Rxe7 Nf6 24. Rce1 Ne4 25. Re5 Qb7 26. f3 Nf6 27. Qf5 Rc7 28. Bc1 h6 29. Bxh6 gxh6 30. Qxf6 Rc6 31. Qf5 Rg6 32. f4 Qc6 33. Re7 Qf6 34. R1e5 Rd8 35. Re8+ Rxe8 36. Rxe8+ Kg7 37. Qe5 Qxe5 38. Rxe5 Re6 39. Kf2 1-0